Ranville - Choix Multiples - Statistiques

Statistiques générales
  • Ce quiz a été pris 6 fois
  • Le résultat moyen est 5 sur 10
Statistiques - réponses
Question Réponse % Correct
Tant qu'on y est, comment s'appellent les habitants de Ranville ? Ranvillais
100%
Quelle est, approximativement, la population de Ranville ? 2 000
80%
Quel est le nom du plus grand hameau excentré de la commune ? Longueval
60%
Quel mémorial de Ranville se situe juste à côté d'un pont du même nom ? Mémorial Pegasus
60%
Quel titre est donné à Ranville ? Premier village libéré de France
60%
Ranville compte plusieurs châteaux. Lequel d'entre ceux-ci ne se situe pas à Ranville ? Château de Béneauville
40%
Quelle était la profession de Guy de Montlaur, enterré à Ranville ? Peintre
40%
Laquelle de ces images satellites représente Ranville ?
20%
Quel petit cours d'eau, affluent de l'Orne, traverse Ranville ? L'Aiguillon
20%
En 1860, quel bâtiment les habitants de Ranville ont-ils démoli ? L'église
20%
Aucun quiz correspondant
Distribution des résultats
% des personnes avec chaque résultat
Percentile par nombre de réponses
Votre historique - résultats
Vous n’avez pas pris ce quiz